Every City and CDP in Walla Walla County - Statistics

General Stats
  • This quiz has been taken 9 times
  • The average score is 7 of 10
Answer Stats
Population Type Answer % Correct
33,871 City Walla Walla
100%
9,929 City College Place
86%
379 City Prescott
71%
370 CDP Touchet
71%
1,243 City Waitsburg
71%
39 CDP Wallula
71%
3,733 CDP Burbank
57%
175 CDP Dixie
57%
2,062 CDP Walla Walla East
43%
1,755 CDP Garrett
29%
No matching quizzes found
Score Distribution
Percent of People with Each Score
Percentile by Number Answered
Your Score History
You have not taken this quiz